Territorios y sociedades en el mundo actual /

Guardado en:
Autor Principal: Ajon, Andrea
Otros Autores: Bachmann, Lía
Formato: Libro
Publicado: Buenos Aires : Longseller, 2001
Materias:
Etiquetas: Agregar Etiqueta
Sin Etiquetas, Sea el primero en etiquetar este registro!
LEADER 00941nam a22002415a 4500
001 CEM.cems011021
005 20080228103853.0
008 130507s2001##################000#0#####d
003 CEMS
020 |a 9879481631 
082 0 4 |a Z330.9 
100 1 |a Ajon, Andrea 
245 1 0 |a Territorios y sociedades en el mundo actual /  |c Andrea Ajón, Lía Bachmann 
260 |a Buenos Aires :  |b Longseller,  |c 2001 
300 |a 97 p. 
500 |a Para Polimodal 
505 0 |a El mapa político mundial en la actualidad -- La globalización en el sistema capitalista -- Producción, trabajo y territorio en el marco de la globalización -- Las economías capitalista y socialista en la actualidad -- Procesos de integración económica y territorial 
653 |a Economía 
653 |a Geografía 
653 |a Geografía mundial 
653 |a Globalización 
700 1 |a Bachmann, Lía 
859 |a CEMS  |b BIB. CEMS - 11 de abril  |h Z330.9  |i Aj73  |p 21812.02  |t Ej.1